Les habitations merveilleuses / (Record no. 164024)

MARC details
000 -LEADER
campo de control de longitud fija 00729nam a2200217 i 4500
001 - NÚMERO DE CONTROL
campo de control 164024
003 - IDENTIFICADOR DE NÚMERO DE CONTROL
campo de control ES-MaACL
005 - FECHA Y HORA DE LA ÚLTIMA TRANSACCIÓN
campo de control 20250812225910.0
008 - DATOS DE LONGITUD FIJA--INFORMACIÓN GENERAL
campo de control de longitud fija 020418s1869 fr a |||| | fre d
100 1# - ENTRADA PRINCIPAL--NOMBRE DE PERSONA
Nombre de persona Rousseau, L.
9 (RLIN) 132109
245 14 - MENCIÓN DEL TÍTULO
Título Les habitations merveilleuses /
Mención de responsabilidad, etc. imité de l'anglais par L. Rousseau.
260 ## - PUBLICACIÓN, DISTRIBUCIÓN, ETC.
Lugar de publicación, distribución, etc. Paris :
Nombre del editor, distribuidor, etc. P. Brunet,
Fecha de publicación, distribución, etc. 1869 (
Lugar de fabricación/manufactura Abbeville :
Fabricante Imp. Briez)
300 ## - DESCRIPCIÓN FÍSICA
Extensión 2 v. :
Otras características físicas il. ;
Dimensiones 18 cm.
490 1# - MENCIÓN DE SERIE
Mención de serie Bibliothèque de la science pittoresque
650 #7 - PUNTO DE ACCESO ADICIONAL DE MATERIA--TÉRMINO DE MATERIA
Término de materia o nombre geográfico como elemento de entrada Animales
Fuente del encabezamiento o término embne
9 (RLIN) 135562
752 ## - ENTRADA AGREGADA--NOMBRE JERÁRQUICO DEL LUGAR
País o entidad superior Francia -
Ciudad París
752 ## - ENTRADA AGREGADA--NOMBRE JERÁRQUICO DEL LUGAR
País o entidad superior Francia -
Ciudad Abbeville
830 0# - PUNTO DE ACCESO ADICIONAL DE SERIE-TÍTULO UNIFORME
Título uniforme Bibliothèque de la science pittoresque
9 (RLIN) 187934
852 ## - LOCALIZACIÓN
Ubicación ES-MaACL
Número de control de estantería D-2539.
condición física - Sólo v. 1
Holdings
Estatus retirado Estado de pérdida Estado de daño No para préstamo Colección Biblioteca de origen Biblioteca actual Ubicación en estantería Fecha de adquisición Fuente de adquisición Total de préstamos Signatura topográfica completa Código de barras Visto por última vez Precio de reemplazo Tipo de ítem Koha
        Libros del s. XIX Biblioteca del Ateneo de Madrid Biblioteca del Ateneo de Madrid Sala Valle Inclán 17/01/2008     D-2539 901171907 23/02/2023 23/02/2023 Libro impreso antiguo